000 00447cam a2200169ua 4500
001 6332
008 131129n ii |||gr||||Z||||||eng
040 _cMAIN
082 _a658
245 1 1 _aPrinciples & practices of management
_cBy L.M. Prasad
260 _aNew delhi:
_bSultan chand & sons,
_c1995.
300 _axi,727p.
653 _aCommerce
653 _aPrinciples & practices of management
700 1 _aPrasad,L.M.,
_eAuthor.
942 _cBK
999 _c5484
_d5484